| 000 | 01087nas a2200313 4500 | ||
|---|---|---|---|
| 001 | BR8702113 | ||
| 003 | BR-BrBNA | ||
| 005 | 20231205090644.0 | ||
| 007 | ta | ||
| 008 | 230509b bl.|||p| |||| 00| 00por d | ||
| 040 |
_aBR-BrBNA _bpor _cBiblioteca Nacional de Agricultura |
||
| 041 | _a(Pt) | ||
| 072 | _aH10 | ||
| 100 | 1 | _aTakaoka, M. | |
| 100 | 1 | _aSilva, J.M. | |
| 100 | 1 | _aRaizer, A.J. | |
| 100 | 1 | _aMotta, R. | |
| 100 | 1 | _aKato, W.Y. | |
| 100 | 1 | _aMariconi, F.A.M. | |
| 245 | 1 | _aCombate ao acaro rajado Tetranychus urticae Koch, 1836 e ao bicudo do algodao Anthonomus grandis grandis Boheman, 1843 [Gossypium hirsutum] | |
| 246 | 1 | _aControl of the "two-spotted spider mite" Tetranychus urticae Koch, 1836 and cotton boll weevil Anthonomus grandis Boheman, 1843 | |
| 650 | _aALGODAO | ||
| 650 | _aACARO RAJADO | ||
| 650 | _aBICUDO | ||
| 650 | _aDEFENSIVO | ||
| 773 | 0 |
_tAnais da Escola Superior de Agricultura Luiz de Queiroz (Brazil) _xISSN 0071-1276 _g(1985), v. 42(2) p. 571-584 _wBR8702113 |
|
| 909 |
_a202311 _bLúcia _c55 _dLúcia Elande |
||
| 942 |
_2AGRIS _n0 _cANA |
||
| 999 |
_c120054 _d120054 |
||